Agricultural engineering annual report.
| Corporate Authors: | , , |
|---|---|
| Format: | Serial |
| Language: | English |
| Published: |
Moscow, Idaho :
College of Agriculture, University of Idaho, College of Engineering.
|
| Series: | Miscellaneous series (University of Idaho. College of Agriculture) ;
no. 49. Miscellaneous series (University of Idaho. College of Agriculture) ; no. 83. Miscellaneous series (University of Idaho. College of Agriculture) ; no. 85. |
| Subjects: |
MARC
| Tag | First Indicator | Second Indicator | Subfields |
|---|---|---|---|
| LEADER | 00000cas a2200000 a 4500 | ||
| 001 | in00000562113 | ||
| 005 | 20151014070341.0 | ||
| 008 | 830801c197u9999iduar s0uuu 0eng d | ||
| 035 | |a (OCoLC)09763772 | ||
| 035 | |9 ACN9240AM | ||
| 040 | |a AZU |c AZU |d TXA |d UtOrBLW | ||
| 049 | |a TXAE | ||
| 090 | |a S671 |b .A322 | ||
| 245 | 0 | 0 | |a Agricultural engineering annual report. |
| 264 | 1 | |a Moscow, Idaho : |b College of Agriculture, University of Idaho, College of Engineering. | |
| 300 | |a volumes : |b illustrations ; |c 29 cm. | ||
| 336 | |a text |b txt |2 rdacontent | ||
| 337 | |a unmediated |b n |2 rdamedia | ||
| 338 | |a volume |b nc |2 rdacarrier | ||
| 490 | 1 | |a University of Idaho. College of Agriculture. Miscellaneous Series | |
| 500 | |a "Summary of the [University's Dept. of Agricultural Engineering's] research and extension programs." | ||
| 650 | 0 | |a Agricultural engineering |x Research. | |
| 710 | 2 | |a University of Idaho. |b College of Agriculture. | |
| 710 | 2 | |a University of Idaho. |b College of Engineering. | |
| 710 | 2 | |a University of Idaho. |b Department of Agricultural Engineering. | |
| 760 | 0 | |a University of Idaho. College of Agriculture. |t Miscellaneous series |x 1579-4293 | |
| 830 | 0 | |a Miscellaneous series (University of Idaho. College of Agriculture) ; |v no. 49. | |
| 830 | 0 | |a Miscellaneous series (University of Idaho. College of Agriculture) ; |v no. 83. | |
| 830 | 0 | |a Miscellaneous series (University of Idaho. College of Agriculture) ; |v no. 85. | |
| 999 | |a MARS | ||
| 999 | f | f | |s cf5096a8-315f-3a46-81ee-51f09a9a0e81 |i 1e9094c5-24d9-3a70-8cd8-cb6dfc4fbaef |t 0 |
| 952 | f | f | |p ric |a Texas A&M University |b Rellis Campus |c Joint Library Facility |d Remote Storage |t 0 |e S671 .A322 |h Library of Congress classification |i unmediated -- volume |l 1982/1983 |m A14809830679 |
| 952 | f | f | |p ric |a Texas A&M University |b Rellis Campus |c Joint Library Facility |d Remote Storage |t 0 |e S671 .A322 |h Library of Congress classification |i unmediated -- volume |l 1976/1977 |m A14831884434 |
| 952 | f | f | |p ric |a Texas A&M University |b Rellis Campus |c Joint Library Facility |d Remote Storage |t 0 |e S671 .A322 |h Library of Congress classification |i unmediated -- volume |l 1981/1982 |m A14831884133 |
| 952 | f | f | |p ric |a Texas A&M University |b Rellis Campus |c Joint Library Facility |d Remote Storage |t 0 |e S671 .A322 |h Library of Congress classification |i unmediated -- volume |l 1979/1980 |m A14831884109 |
| 952 | f | f | |p ric |a Texas A&M University |b Rellis Campus |c Joint Library Facility |d Remote Storage |t 0 |e S671 .A322 |h Library of Congress classification |i unmediated -- volume |l 1973/1974 |m A14831884353 |
| 952 | f | f | |p ric |a Texas A&M University |b Rellis Campus |c Joint Library Facility |d Remote Storage |t 0 |e S671 .A322 |h Library of Congress classification |i unmediated -- volume |l 1978/1979 |m A14831884248 |
| 952 | f | f | |p ric |a Texas A&M University |b Rellis Campus |c Joint Library Facility |d Remote Storage |t 0 |e S671 .A322 |h Library of Congress classification |i unmediated -- volume |l 1975/1976 |m A14851219049 |
| 952 | f | f | |p ric |a Texas A&M University |b Rellis Campus |c Joint Library Facility |d Remote Storage |t 0 |e S671 .A322 |h Library of Congress classification |i unmediated -- volume |l 1974/1975 |m A14831884395 |
| 952 | f | f | |p ric |a Texas A&M University |b Rellis Campus |c Joint Library Facility |d Remote Storage |t 0 |e S671 .A322 |h Library of Congress classification |i unmediated -- volume |l 1980/1981 |m A14809056102 |
| 952 | f | f | |p ric |a Texas A&M University |b Rellis Campus |c Joint Library Facility |d Remote Storage |t 0 |e S671 .A322 |h Library of Congress classification |i unmediated -- volume |l 1983/1984 |m A14809830687 |
| 952 | f | f | |p ric |a Texas A&M University |b Rellis Campus |c Joint Library Facility |d Remote Storage |t 0 |e S671 .A322 |h Library of Congress classification |i unmediated -- volume |l 1977/1978 |m A14831884206 |
| 998 | f | f | |a S671 .A322 |s 1973/1974-1983/1984 |t 0 |l Remote Storage |